000 00411 a2200169 4500
001 74289
020 _a2621425-X
040 _cAnchieta - Colégio São Paulo
100 _aMantoan, Maria teresa Egler
240 1 0 _aCompreendendo a deficiência mental
_lpor
245 1 0 _aCompreendendo a deficiência mental
300 _a167
362 0 _a1999
440 1 _aScipione
650 4 _aEducação
942 _cBK
999 _c74289
_d74289